00527 2200181 4500001002100000008004100021035002000062245009700082100001700179260004100196300001200237020001800249084001800267082000800285650001200293990001900305990002100324INLIS000000000003193 ind  a0010-0724003193 akumpulan gunung tertinggi di indonesiabKumpulan Gunung Tertinggi Di IndonesiacPuji tyasari aPuji tyasari aSurabaya :bPilar bambu kuningc2008 a28 hlm. a979-9925-50-9 a551.432 PUJ G a551 aGeologi aP29/CP/24/3193 aP29/CP/24/3193.2